Estructuras algebraicas I
I tiakina i:
| Kaituhi matua: | |
|---|---|
| Hōputu: | Pukapuka |
| Reo: | Pāniora |
| I whakaputaina: |
Washington, D.C
Secretaría General de la Organización de los Estados Americanos
1977
|
| Putanga: | 3a. ed |
| Rangatū: | Monografia, 3
|
| Ngā marau: | |
| Ngā Tūtohu: |
Tāpirihia he Tūtohu
Kāore He Tūtohu, Me noho koe te mea tuatahi ki te tūtohu i tēnei pūkete!
|
MARC
| LEADER | 00000nam a2200000 a 4500 | ||
|---|---|---|---|
| 001 | UCW0881 | ||
| 003 | CL-VaPUC | ||
| 008 | 891127e19770000US |||||||||||||||||spa|d | ||
| 082 | 0 | 4 | |a 512.2 |b GEN |2 21 |
| 100 | |a Gentile, Enzo R |e author |9 422291 | ||
| 245 | 1 | 0 | |a Estructuras algebraicas I |
| 250 | |a 3a. ed | ||
| 300 | |a 131 p | ||
| 942 | |c BK | ||
| 945 | |d 19891127 00:00:00 | ||
| 260 | |a Washington, D.C |b Secretaría General de la Organización de los Estados Americanos |c 1977 | ||
| 650 | 0 | |a Teoría de grupos |9 270028 | |
| 583 | |a last modification |c 19891127 00:00:00 |k Rodrigo Vera | ||
| 490 | 0 | |a Monografia, 3 | |
| 999 | |c 215909 |d 215907 | ||
| 952 | |0 0 |1 0 |4 0 |6 512_200000000000000_GEN_1977 |7 0 |8 A |9 201116 |a BIBMAT |b BIBMAT |d 2019-11-14 |i 2682648 |l 1 |m 1 |o 512.2 GEN 1977 |p 2682648 |r 2025-01-07 |s 2023-08-09 |w 2019-11-14 |y BK |k MAT | ||
| 952 | |0 0 |1 0 |4 0 |6 512_200000000000000_GEN_1977 |7 0 |8 A |9 201117 |a BIBMAT |b BIBMAT |d 2019-11-14 |i 2682656 |o 512.2 GEN 1977 |p 2682656 |r 2025-01-07 |w 2019-11-14 |y BK |k MAT | ||
| 952 | |0 0 |1 0 |4 0 |6 512_200000000000000_GEN_1977 |7 0 |8 A |9 201118 |a BIBMAT |b BIBMAT |d 2019-11-14 |i 1303309 |l 1 |o 512.2 GEN 1977 |p 1303309 |r 2025-01-07 |s 2023-08-14 |w 2019-11-14 |y BK |k MAT | ||